[Event "CHN-ch rapid"]
[Site "Tianjin"]
[Date "2018.06.07"]
[Round "8"]
[White "Zhao, Jun"]
[Black "Li, Yankai"]
[Result "1-0"]
[WhiteElo "2611"]
[BlackElo "2435"]
[PlyCount "99"]
[EventDate "2018.06.06"]
[EventType "swiss (rapid)"]
[EventRounds "9"]
[EventCountry "CHN"]
[SourceTitle "CBM 184 Extra"]
[Source "ChessBase"]
[SourceDate "2018.06.28"]
[SourceVersion "1"]
[SourceVersionDate "2018.06.28"]
[SourceQuality "1"]

1. c4 e6 2. Nc3 d5 3. d4 Be7 4. cxd5 exd5 5. Bf4 Nf6 6. e3 Bf5 7. Qb3 Nc6 8. Rc1 0-0 9. Nf3 Na5 10. Qd1 c6 11. Ne5 Nd7 12. Bd3 Bxd3 13. Nxd3 Nc4 14. 0-0 Re8 15. Na4 Nd6 16. Qb3 b5 17. Nac5 Nxc5 18. Nxc5 Nc4 19. Qc3 Bxc5 20. dxc5 Qa5 21. Qxa5 Nxa5 22. b3 Nb7 23. Rfd1 Nd8 24. f3 f6 25. Kf2 Kf7 26. a4 a6 27. Ra1 Ne6 28. Bd6 f5 29. Rd2 Kf6 30. Rda2 b4 31. Rd2 g5 32. g4 h5 33. gxf5 Kxf5 34. Re1 Kf6 35. e4 d4 36. h4 Rg8 37. Rh1 gxh4 38. Rxh4 Kg5 39. Be7+ Kh6 40. Rd1 Ra7 41. Bf6 Rf7 42. Bxd4 Ng5 43. Be3 Rxf3+ 44. Ke2 Rg3 45. Rd6+ Kg7 46. Rxh5 Nxe4 47. Bd4+ Kf7 48. Rf5+ Ke7 49. Re5+ Kf7 50. Rxe4 1-0